000 00729nam a2200289Ia 4500
005 20260324111426.0
008 008 260324s9999 xx 000 0 eng d
020 _a9781003560432
037 _aEBOOK
040 _aCRL
040 _beng
040 _cCRL
041 _2eng
041 _aeng
084 _qCRL
100 _aFrancesca Hume; Helen Barker
_91138507
245 0 _aLearning and Unlearning through the Clinical Encounter
245 0 _bBecoming a Psychoanalytic Psychotherapist
260 _bTaylor and Francis
260 _c2025
365 _a
365 _b230
856 _uhttp://www.taylorfrancis.com/books/9781003560432
942 _cEBOOK
999 _c1727326
_d1727326